000 00596aam a2200217 4500
005 20250219140131.0
008 150806b2013 xxu||||| |||| 00| 0 spa d
041 _aESP
_aING
082 _aR 467.037.286 G643d
100 _aGonzález Ugalde, José Antonio
245 _aDiccionario de palabrotas y coloquialismo ticos : con traducción y equivalentes en inglés
260 _aCosta Rica
260 _bJ.González
260 _c2013
300 _a212 páginas
650 _aCOSTA RICA
650 _aDICCIONARIOS
650 _aPALABROTAS
650 _aCOLOQUIALISMOS
942 _cREF
_2ddc
999 _c7113
_d7113